La tradición semántica : de Kant a Carnap /

সংরক্ষণ করুন:
গ্রন্থ-পঞ্জীর বিবরন
প্রধান লেখক: Coffa, J. Alberto (autor)
অন্যান্য লেখক: Fernández de Castro, Max (traducción) (traducción)
বিন্যাস: গ্রন্থ
ভাষা:স্প্যানিশ
প্রকাশিত: México : Universidad Autónoma Metropolitana Iztapalapa, Departamento de Filosofía, 2005, c2005
ট্যাগগুলো: ট্যাগ যুক্ত করুন
কোনো ট্যাগ নেই, প্রথমজন হিসাবে ট্যাগ করুন!

MARC

LEADER 00000nam^a2200000^a^4500
001 000564488
005 20250521000000.0
009 20260310132026.871
020 |a 970-31-0176-9 
020 |a 970-31-0175-X 
037 |a Acervo Xavier Clavigero 
041 |a ESP 
091 |a FPA. 00815 
100 |a Coffa, J. Alberto  |e (autor) 
245 1 3 |a La tradición semántica :  |b de Kant a Carnap / 
264 4 |a México :  |b Universidad Autónoma Metropolitana Iztapalapa, Departamento de Filosofía,  |c 2005, c2005 
300 |a 287 p. 
336 |a texto  |b txt  |2 rdacontenido 
337 |a sin mediación  |b n  |2 rdamedio 
338 |a volumen  |b nc  |2 rdasoporte 
649 |a XX 
700 |a Fernández de Castro, Max  |e (traducción) 
910 |a Fondo José Ignacio Palencia Gómez S.J. 
920 |a Impresos - Libros 
930 |a Fondos Especiales 
905 |a 137 
901 |a 0500359872  |b IT2  |c ESL  |i D  |u 20250521 
902 |a https://opac.biblio.iteso.mx/vufind/Record/000564488